|
|
|
|
| LEADER |
00000nam a2200000 a 4500 |
| 001 |
vtls001305411 |
| 003 |
SK-MaSNL |
| 005 |
20260301004945.0 |
| 008 |
240314s1932 xx 0 und |
| 035 |
|
|
|a SNK000257633
|
| 040 |
|
|
|a SNK
|b slo
|c SNK
|e AACR2
|
| 100 |
1 |
|
|a Štůla, František,
|d 1883-1943
|4 aut
|9 242676
|
| 245 |
1 |
0 |
|a Hospodářský zeměpis. Díl 1
|
| 260 |
|
|
|a Praha
|b Spolok poslucháčů komerčního inženýrství
|c 1932
|
| 300 |
|
|
|a 455 s.
|
| 999 |
|
|
|c 543797
|d 545727
|
| 952 |
|
|
|t P60, <03>, [BOOK], {603}
|a SNK
|b SNK
|y PREZ
|7 0
|p 17A0099024
|o snkSC 51932
|0 0
|1 0
|4 0
|d 1997-10-06
|l 0
|r 2025-11-04 00:00:00
|w 2026-02-23
|